| 000 | 00971 a2200229 4500 | ||
|---|---|---|---|
| 005 | 20080826113124.0 | ||
| 008 | 080826t xxu||||| |||| 00| 0 eng d | ||
| 010 | _aENG-87162 | ||
| 020 |
_c844.00 _a8181770072 |
||
| 035 | _aEN-70695 | ||
| 037 | _bDBAD / PUB | ||
| 082 | _a581.954 | ||
| 100 | _aParia, N.D. | ||
| 245 |
_aFlora of Hazaribagh District, Bihar _cby N.D. Paria [and] S.P. Chattopadhyay |
||
| 260 |
_aKolkata _bBotanical Survey of India _c2005 |
||
| 270 |
_a5th & 6th Floor, F-wing, C.G.O. Complex, Salt Lake City, _aKolkata _e700 064 |
||
| 300 |
_av.2 (xxii, 549-1299p.) _c23cm (Hb ) _bb&w, col.photos |
||
| 500 | _aV.I recd. on 20.6.2001, EN-45533.& v.2 - Tropaeolaceae to Orchidaceae | ||
| 700 | _aChattopadhyay, S.P. | ||
| 942 |
_adpl _cEN _k581.954 / PAR _2ddc _h581.954 _mPAR |
||
| 999 |
_c6174 _d6174 |
||